| 000 | 01165cpcaa2200265 4500 | ||
|---|---|---|---|
| 001 | mm 81012351 | ||
| 003 | DLC | ||
| 005 | 20260227111706.0 | ||
| 008 | 811116|||||||||||| eng | ||
| 010 | _amm 81012351 | ||
| 040 |
_aDLC _cDLC _edacs _dDLC |
||
| 072 | 7 |
_aR _2lcmd |
|
| 100 | 1 |
_aBelmont, Perry, _d1850-1947. |
|
| 245 | 0 | 0 |
_aPerry Belmont papers, _f1775-1900. |
| 300 |
_a500 _fitems. |
||
| 300 |
_a2 _fcontainers plus _a1 _foversize. |
||
| 506 | 0 | _aOpen to research. | |
| 520 | 8 | _aCorrespondence (chiefly 1900), account books (1775-1827), stock transfer book (1816-1822) of the Loudon Company (Va.), scrapbooks, and pamphlets. The small number of letters are concerned mostly with politics and the possible presidential candidacy of Admiral Dewey. | |
| 545 | 0 | _aLawyer, author, diplomat, and U.S. representative from New York. | |
| 546 | _aCollection material in English. | ||
| 600 | 1 | 0 |
_aDewey, George, _d1837-1917. |
| 610 | 2 | 0 | _aLoudon Company (Va.) |
| 656 | 7 |
_aRepresentatives, U.S. Congress _zNew York (State) _2itoamc |
|
| 999 |
_c43040 _d43040 |
||